Responses for show #7435 - Friday, December 30, 2016

Clip of this game shown on the 2019-04-04 episode of Better Things.

Contestants

Ryan VanderYacht, a substitute teacher and stay-at-home dad from Lake Forest, California

Kate Gran, an attorney from East Northport, New York

Mukund Marathe, a music teacher and singer from Montclair, New Jersey (whose 1-day cash winnings total $21,400)

Jeopardy! Round responses

THE GUMMELIER
THE LEADERS & BEST
"HAPPY" NEW YEAR
COAST
DOVE
WHAT'S YOUR FAVORITE SOAP?
    $200 6
Wrigley's

Mukund
    $200 12
Joshua

Triple Stumper
    $200 1
a Happy Meal

Kate
    $200 16
the Pacific Coast Highway

Ryan
    $200 11
"When Doves Cry"

Ryan
    $200 23
General Hospital

Ryan
    $400 7
Trident

Kate
    $400 13
I.M. Pei

Mukund
    $400 2
happy campers

Ryan
    $400 17
Florida

Kate
    $400 21
an olive

Mukund
    $400 24
Empire

Mukund
    $600 8
Dentyne

Ryan
    $600 14
Jonas Salk

Ryan
    $600 3
Happy Feet

Mukund
    $600 18
Sardinia

Kate
    $600 22
moisturizing cream

Ryan
    $600 25
Dark Shadows

Ryan
    $800 9
(Ryan: What is Dubble Bubble?)

Hubba Bubba

Ryan
Triple Stumper
    $800 15
(Ryan: Who is François Mitterrand?)

Jacques Chirac

KateRyan
    $800 4
many happy returns

Mukund
    $800 19
(Mukund: What is Prince Edward Island?)

Newfoundland

MukundKate
    $800 28
Dubai

Kate
    $800 26
(Alex: Less than a minute to go.)

Peyton Place

Mukund
    $1000 10
Big Red

Mukund
    $1000 5
a happy medium

Ryan
    $1000 20
the Dalmatian Coast

Kate
    $1,000 29
(Kate: I have no idea.)
...
[The end-of-round signal sounds.]

Lonesome Dove

Kate
    $1000 27
One Life to Live

Triple Stumper

Scores at the first commercial break (after clue 15):

Mukund Kate Ryan
$3,000 $1,400 $1,200

Scores at the end of the Jeopardy! Round:

Mukund Kate Ryan
$3,800 $4,000 $2,800

Double Jeopardy! Round responses

ANAGRAMMED SCIENTISTS' LAST NAMES
GEORGIA IN SONG
DOCTORED BOOKS
FOREVER STAMPS
THE MIDDLE AGES
ALL IN THE FAMILY?
    $400 26
Newton

Ryan
    $400 1
"Georgia On My Mind"

Ryan
    $400 6
Dr. Watson

Ryan
    $400 16
the Liberty Bell

Kate
    $400 21
Genghis Khan

Mukund
    $400 11
sister cities

Ryan
    $800 2
John Mayer

Kate
    $800 7
Doctor Zhivago

Mukund
    $800 17
Batman

Mukund
    $800 22
(Ryan: What's the city father?)

Pope Urban

Ryan
Triple Stumper
    $800 12
a Granny Smith apple

Ryan
    $2,000 3
(Kate: Florida-Georgia Line?)

Alabama

Kate
    $1200 8
Candide

Ryan
    $1200 18
snowflakes

Mukund
    $1200 23
(Alex: With less than a minute to go.)

the Hanseatic League

Kate
    $1200 13
mom jeans

Kate
    $1600 28
[The end-of-round signal sounds.]

Luther Burbank

Triple Stumper
    $1600 4
"The Night The Lights Went Out In Georgia"

Mukund
    $1600 9
(Christopher) Marlowe

Mukund
    $1600 19
Japan

Kate
    $1600 24
St. Francis (of Assisi)

Kate
    $1600 14
(Alex: Frère Jacques.)

Brother John

Mukund
    $2000 27
Fahrenheit

Ryan
    $2000 5
the "Midnight Train To Georgia"

Ryan
    $1,000 10
The Plague

Mukund
    $2000 20
Glacier Bay

Mukund
    $2000 25
(Mukund: What is a groin?)

a ribbed vault

Mukund
Triple Stumper
    $2000 15
[A clip of this clue was seen in the 2019-04-04 episode of Better Things.]

"Father, forgive them"

Mukund

Scores at the end of the Double Jeopardy! Round:

Mukund Kate Ryan
$14,800 $8,800 $9,600

[wagering suggestions for these scores]

Final Jeopardy! Round responses

OSCAR-WINNING TITLE SUBJECTS
(Alex: If you were able to recall that he was the 1994 co-recipient of the Nobel Prize in Economics, you were home free.)
...
(Alex: [To Mukund] The movie was A Beautiful Mind, the story of [*].)
KateWho is Roosevelt
$8,000
RyanWho is Stephen Hawking?
$9,000
MukundWho is Oppenheimer?
$4,401
John Nash

Final scores:

Mukund Kate Ryan
$10,399 $800 $600
2-day champion: $31,799 2nd place: $2,000 3rd place: $1,000

Game dynamics:

Coryat scores:

Mukund Kate Ryan
$15,800 $11,800 $9,600
18 R
(including 1 DD),
2 W
14 R,
2 W
(including 2 DDs)
17 R,
3 W

Combined Coryat: $37,200

The J! Archive is created by fans, for fans. The Jeopardy! game show and all elements thereof, including but not limited to copyright and trademark thereto, are the property of Jeopardy Productions, Inc. and are protected under law. This website is not affiliated with, sponsored by, or operated by Jeopardy Productions, Inc. Join the discussion at JBoard.tv.